00622nam a2200193Ia 4500008004100000020001400041082001600055100001900071245003000090250000700120260004500127300003000172500001900202600002100221650005000242942000700292952011400299999001500413240925s9999 xx 000 0 und d a139774068 a005.756 JAC aJackson, David 0aBusiness Object Companion aNA aNew Jersey:bPrintice- Hall Int.c,1998. axxxii,326p.bNAfOriginal aIncludes Index aComputer Science aComputer science, information & general works cBK 001040708CSaUITUbUITUd2000-07-28eNAg95.00l0o005.756 JACpQ2654r2024-09-25 07:12:52w2024-09-25yBK c5153d5153